Sociálna ochrana v krajinách EÚ a v SR

Pojem sociálna ochrana v krajinách Európskej únie. Výdavky na sociálnu ochranu a systém sociálnych výdavkov v SR. Podiel sociálnych výdavkov na HDP. Sociálna ochrana a jej podiel na HDP. Štruktúra výdavkov poskytovaných na sociálnu ochranu v krajinách EÚ.

Gespeichert in:
Bibliographische Detailangaben
1. Verfasser: Rybárová, Silvia
Format: Buchkapitel
Sprache:Slowakisch
Schlagworte:
Tags: Tag hinzufügen
Keine Tags, Fügen Sie das erste Tag hinzu!

MARC

LEADER 00000naa a2200000 4500
001 r037403
005 20231002080542.5
041 0 |a slo 
044 |a SK 
245 1 0 |a Sociálna ochrana v krajinách EÚ a v SR  |c Silvia Rybárová 
520 |a Pojem sociálna ochrana v krajinách Európskej únie. Výdavky na sociálnu ochranu a systém sociálnych výdavkov v SR. Podiel sociálnych výdavkov na HDP. Sociálna ochrana a jej podiel na HDP. Štruktúra výdavkov poskytovaných na sociálnu ochranu v krajinách EÚ. 
610 2 0 |a ochrana sociálna 
610 2 0 |a výdavky na potreby sociálne 
610 2 0 |a produkt domáci hrubý 
610 2 0 |a Európska únia 
610 2 0 |a Slovensko 
610 2 0 |a údaje štatistické medzinárodné 
100 1 |a Rybárová, Silvia